000
00314nam a22001337a 4500
008
181102b xxu||||| |||| 00| 0 eng d
020
_a
9780323091510
041
_a
eng
080
_2
5th
_a
610.73
100
_a
2
101
_a
INF
245
_a
Health Assessment for Nursing Practice
_c
Wilson,S
942
_2
udc
_c
BK
999
_c
51585
_d
51585